| 000 | 00622nam a2200193 i 4500 | ||
|---|---|---|---|
| 001 | 85365 | ||
| 003 | ES-MaACL | ||
| 005 | 20230906175229.0 | ||
| 007 | t| | ||
| 008 | 041126s1979 sp ||||1| spa d | ||
| 100 | 1 |
_aJoyanes Pérez, María G. _967074 |
|
| 245 | 1 | 0 |
_aEstudios sobre el valor nutritivo de la proteína de mejillón y de su concentrado protéico / _cMaría G. Joyanes Pérez. |
| 260 |
_aMadrid : _bFundación Juan March, _c[1979] |
||
| 300 |
_a58 p. ; _c21 cm. |
||
| 490 | 1 | _aSerie universitaria | |
| 830 | 0 |
_aSerie universitaria _9180747 |
|
| 852 |
_aES-MaACL _j2110-F-2 _bR.99505 |
||
| 999 |
_c85365 _d85365 |
||